[Event "Wolrd Chess Olympiad 2018"]
[Site "Batumi"]
[Date "2018.10.02"]
[Round "8"]
[Board "3"]
[WhiteFideId "21200254"]
[White "Numatsi Yawotsu Dzigba"]
[BlackFideId "8200211"]
[Black "Sanches Casanova Romario"]
[Result "0-1"]
[LiveChessVersion "1.4.8"]
[BlackElo "2029"]
[WhiteElo "1661"]

1. e4 {[%clk 1:30:53]} c5 {[%clk 1:30:50]} 2. Nf3 {[%clk 1:31:18]} d6
{[%clk 1:31:15]} 3. d4 {[%clk 1:28:14]} cxd4 {[%clk 1:31:38]} 4. Nxd4
{[%clk 1:28:41]} Nf6 {[%clk 1:32:03]} 5. Nc3 {[%clk 1:28:54]} a6 {[%clk 1:32:30]}
6. Bc4 {[%clk 1:23:38]} e6 {[%clk 1:32:27]} 7. O-O {[%clk 1:17:02]} Be7
{[%clk 1:32:51]} 8. Be3 {[%clk 1:10:58]} O-O {[%clk 1:33:09]} 9. f4
{[%clk 1:10:48]} Qc7 {[%clk 1:31:05]} 10. Bd3 {[%clk 1:10:30]} b5
{[%clk 1:27:53]} 11. a3 {[%clk 1:10:19]} Bb7 {[%clk 1:28:05]} 12. Qf3
{[%clk 1:10:23]} Nbd7 {[%clk 1:23:37]} 13. Rae1 {[%clk 1:06:52]} Rfd8
{[%clk 1:20:54]} 14. Qh3 {[%clk 1:06:05]} Nc5 {[%clk 1:16:33]} 15. Rc1
{[%clk 1:00:46]} Nxd3 {[%clk 0:54:55]} 16. cxd3 {[%clk 0:59:42]} Qd7
{[%clk 0:55:18]} 17. g4 {[%clk 0:46:59]} g6 {[%clk 0:47:29]} 18. f5
{[%clk 0:33:29]} e5 {[%clk 0:42:55]} 19. Nf3 {[%clk 0:28:51]} h5 {[%clk 0:33:13]}
20. gxh5 {[%clk 0:20:03]} Nxh5 {[%clk 0:33:40]} 21. Rc2 {[%clk 0:18:29]} Kh8
{[%clk 0:26:17]} 22. Bg5 {[%clk 0:10:16]} Rg8 {[%clk 0:18:40]} 23. Kf2
{[%clk 0:04:58]} Bxg5 {[%clk 0:11:09]} 24. Nxg5 {[%clk 0:05:17]} d5
{[%clk 0:11:10]} 25. Rfc1 {[%clk 0:02:38]} dxe4 {[%clk 0:09:41]} 26. Ncxe4
{[%clk 0:02:16]} Qxf5+ {[%clk 0:05:38]} 27. Qxf5 {[%clk 0:02:30]} gxf5
{[%clk 0:06:04]} 28. Nd6 {[%clk 0:02:01]} Nf4 {[%clk 0:05:27]} 29. Ngxf7+
{[%clk 0:02:06]} Kg7 {[%clk 0:03:34]} 30. Nxe5 {[%clk 0:02:06]} Kf6
{[%clk 0:02:07]} 31. Nxb7 {[%clk 0:01:14]} Rg2+ {[%clk 0:02:04]} 32. Kf3
{[%clk 0:01:06]} Rxc2 {[%clk 0:02:16]} 33. Rxc2 {[%clk 0:01:32]} Kxe5
{[%clk 0:01:52]} 34. Rc5+ {[%clk 0:01:53]} Nd5 {[%clk 0:02:01]} 35. Na5
{[%clk 0:00:44]} Rh8 {[%clk 0:01:13]} 36. Kg2 {[%clk 0:01:00]} f4
{[%clk 0:01:08]} 37. Nb3 {[%clk 0:01:10]} Kd6 {[%clk 0:01:07]} 38. Rc1
{[%clk 0:00:54]} Re8 {[%clk 0:01:17]} 39. h4 {[%clk 0:00:36]} Re2+
{[%clk 0:01:15]} 40. Kf3 {[%clk 0:30:53]} Re3+ {[%clk 0:31:19]} 41. Kf2
{[%clk 0:23:02]} Rxd3 {[%clk 0:30:04]} 42. Na5 {[%clk 0:21:56]} Rh3
{[%clk 0:24:56]} 43. Rc6+ {[%clk 0:22:01]} Ke5 {[%clk 0:25:23]} 44. Rxa6
{[%clk 0:21:10]} Rxh4 {[%clk 0:25:43]} 45. Nc6+ {[%clk 0:21:27]} Ke4
{[%clk 0:25:33]} 46. Ra8 {[%clk 0:20:21]} Nf6 {[%clk 0:14:13]} 47. b3
{[%clk 0:05:13]} Rh2+ {[%clk 0:13:24]} 48. Kg1 {[%clk 0:05:11]} Rc2
{[%clk 0:11:00]} 49. Nb4 {[%clk 0:02:20]} Rc3 {[%clk 0:10:49]} 50. Rb8
{[%clk 0:00:58]} Kf3 {[%clk 0:09:32]} 51. Na2 {[%clk 0:00:33]} Rd3
{[%clk 0:07:16]} 52. Kh2 {[%clk 0:00:36]} Rd2+ {[%clk 0:06:53]} 53. Kh3
{[%clk 0:00:51]} Rxa2 {[%clk 0:06:42]} 54. a4 {[%clk 0:01:11]} bxa4
{[%clk 0:06:00]} 55. bxa4 {[%clk 0:01:39]} Rxa4 {[%clk 0:06:19]} 56. Rb3+
{[%clk 0:01:56]} Ke4 {[%clk 0:06:16]} 57. Rb1 {[%clk 0:02:07]} Ra3+
{[%clk 0:06:27]} 58. Kh4 {[%clk 0:02:30]} Nd5 {[%clk 0:05:55]} 59. Kg4
{[%clk 0:02:29]} Ne3+ {[%clk 0:06:11]} 60. Kh3 {[%clk 0:02:27]} Ra2
{[%clk 0:06:23]} 61. Rb4+ {[%clk 0:01:49]} Kf3 {[%clk 0:06:27]} 62. Rb1
{[%clk 0:01:18]} Ra8 {[%clk 0:06:46]} 63. Kh2 {[%clk 0:01:29]} Rh8+
{[%clk 0:06:36]} 64. Kg1 {[%clk 0:01:58]} Kg3 {[%clk 0:06:43]} 65. Rb3
{[%clk 0:01:24]} Rd8 {[%clk 0:06:41]} 66. Rb1 {[%clk 0:01:14]} f3
{[%clk 0:06:57]} 67. Ra1 {[%clk 0:01:18]} f2+ {[%clk 0:07:20]} 0-1

[Event "Wolrd Chess Olympiad 2018"]
[Site "Batumi"]
[Date "2018.10.02"]
[Round "8"]
[Board "4"]
[WhiteFideId "8200173"]
[White "Hanoeman Suradj"]
[BlackFideId "21200742"]
[Black "Kolani-Banake Sopague"]
[Result "1-0"]
[LiveChessVersion "1.4.8"]
[BlackElo "1635"]
[WhiteElo "1996"]

1. d4 {[%clk 1:28:39]} d5 {[%clk 1:30:56]} 2. c4 {[%clk 1:28:54]} Nf6
{[%clk 1:31:18]} 3. cxd5 {[%clk 1:28:08]} Nxd5 {[%clk 1:29:10]} 4. e4
{[%clk 1:28:28]} Nf6 {[%clk 1:29:35]} 5. Nc3 {[%clk 1:28:49]} e6 {[%clk 1:29:13]}
6. Nf3 {[%clk 1:27:52]} Bb4 {[%clk 1:28:41]} 7. Bd3 {[%clk 1:27:09]} O-O
{[%clk 1:23:15]} 8. O-O {[%clk 1:27:21]} Be7 {[%clk 1:20:21]} 9. Re1
{[%clk 1:23:29]} c5 {[%clk 1:17:27]} 10. d5 {[%clk 1:14:54]} exd5
{[%clk 1:13:20]} 11. e5 {[%clk 1:15:10]} Nfd7 {[%clk 0:59:14]} 12. Nxd5
{[%clk 1:13:57]} Re8 {[%clk 0:58:00]} 13. Bxh7+ {[%clk 0:48:01]} Kxh7
{[%clk 0:36:31]} 14. Ng5+ {[%clk 0:48:21]} Bxg5 {[%clk 0:36:42]} 15. Qh5+
{[%clk 0:48:41]} Kg8 {[%clk 0:32:34]} 16. Bxg5 {[%clk 0:48:46]} g6
{[%clk 0:25:39]} 17. Qh6 {[%clk 0:48:29]} Qxg5 {[%clk 0:22:16]} 18. Qxg5
{[%clk 0:48:50]} 1-0

[Event "Wolrd Chess Olympiad 2018"]
[Site "Batumi"]
[Date "2018.10.02"]
[Round "8"]
[Board "1"]
[WhiteFideId "14306352"]
[White "Lima Osvaldo Dos Santos"]
[BlackFideId "409014"]
[Black "Kirby Peter J."]
[Result "1-0"]
[LiveChessVersion "1.4.8"]
[BlackElo "1988"]
[WhiteElo "1803"]

1. c4 {[%clk 1:30:52]} Nf6 {[%clk 1:30:55]} 2. Nc3 {[%clk 1:31:19]} g6
{[%clk 1:31:19]} 3. d4 {[%clk 1:31:28]} Bg7 {[%clk 1:31:34]} 4. e4
{[%clk 1:30:50]} d6 {[%clk 1:31:57]} 5. Nf3 {[%clk 1:30:32]} O-O {[%clk 1:32:18]}
6. h3 {[%clk 1:30:21]} e5 {[%clk 1:32:18]} 7. d5 {[%clk 1:30:01]} Nh5
{[%clk 1:32:28]} 8. Be3 {[%clk 1:25:56]} Na6 {[%clk 1:25:16]} 9. Qc2
{[%clk 1:23:54]} Qe8 {[%clk 1:18:04]} 10. Nb5 {[%clk 1:21:57]} Bd7
{[%clk 1:13:32]} 11. Nc3 {[%clk 1:20:32]} b6 {[%clk 1:07:12]} 12. a3
{[%clk 1:08:13]} Nb8 {[%clk 1:01:39]} 13. Nb5 {[%clk 1:07:47]} Qc8
{[%clk 0:59:27]} 14. g4 {[%clk 1:04:39]} Nf4 {[%clk 0:59:12]} 15. Bxf4
{[%clk 1:02:37]} exf4 {[%clk 0:59:41]} 16. Bd3 {[%clk 1:01:40]} a5
{[%clk 0:55:10]} 17. Nd2 {[%clk 0:55:57]} Na6 {[%clk 0:54:29]} 18. f3
{[%clk 0:53:14]} Nc5 {[%clk 0:50:22]} 19. Nc3 {[%clk 0:51:41]} Qd8
{[%clk 0:47:19]} 20. h4 {[%clk 0:50:43]} Qf6 {[%clk 0:45:37]} 21. O-O-O
{[%clk 0:50:46]} Qd4 {[%clk 0:37:06]} 22. Nf1 {[%clk 0:45:30]} a4
{[%clk 0:33:56]} 23. Be2 {[%clk 0:44:03]} Qe5 {[%clk 0:33:48]} 24. Nd2
{[%clk 0:42:10]} Qd4 {[%clk 0:28:59]} 25. Nf1 {[%clk 0:41:47]} Nb3+
{[%clk 0:28:47]} 26. Kb1 {[%clk 0:42:08]} Qe5 {[%clk 0:24:41]} 27. h5
{[%clk 0:38:39]} Nd4 28. Qd2 {[%clk 0:35:42]} Rfb8 {[%clk 0:22:06]} 29. Qxd4
{[%clk 0:30:57]} Qxd4 {[%clk 0:22:25]} 30. Rxd4 {[%clk 0:31:05]} Bxd4
{[%clk 0:22:53]} 31. Nb5 {[%clk 0:31:24]} Bxb5 {[%clk 0:22:22]} 32. cxb5
{[%clk 0:31:40]} Re8 {[%clk 0:19:53]} 33. Bd3 {[%clk 0:31:47]} Re5
{[%clk 0:16:04]} 34. h6 {[%clk 0:30:41]} Rg5 {[%clk 0:13:07]} 35. Nh2
{[%clk 0:29:47]} f5 {[%clk 0:12:49]} 36. exf5 {[%clk 0:29:05]} gxf5
{[%clk 0:12:22]} 37. Bxf5 {[%clk 0:28:40]} Re8 {[%clk 0:11:38]} 38. Be4
{[%clk 0:28:12]} Rf8 {[%clk 0:06:42]} 39. Rc1 {[%clk 0:27:16]} Bc5
{[%clk 0:06:44]} 40. Rc4 {[%clk 0:57:43]} Ra8 {[%clk 0:36:49]} 41. Nf1
{[%clk 0:55:32]} Re5 {[%clk 0:34:25]} 42. Kc2 {[%clk 0:55:13]} Re7
{[%clk 0:32:28]} 43. Nd2 {[%clk 0:54:36]} Be3 {[%clk 0:30:08]} 44. Nb1
{[%clk 0:54:28]} Ra5 {[%clk 0:27:51]} 45. Nc3 {[%clk 0:54:42]} Ra7
{[%clk 0:26:56]} 46. Nxa4 {[%clk 0:51:55]} Rf7 {[%clk 0:25:12]} 47. Bf5
{[%clk 0:46:14]} Rf6 {[%clk 0:24:54]} 48. Be6+ {[%clk 0:39:37]} Kf8
{[%clk 0:25:23]} 49. g5 {[%clk 0:32:19]} Rg6 {[%clk 0:25:48]} 50. Bf5
{[%clk 0:29:26]} Rxg5 {[%clk 0:26:16]} 51. Bxh7 {[%clk 0:29:05]} Rh5
{[%clk 0:25:35]} 52. Nc3 {[%clk 0:27:15]} Rxh6 {[%clk 0:25:58]} 53. Be4
{[%clk 0:25:00]} Rh2+ {[%clk 0:25:51]} 54. Kb3 {[%clk 0:22:50]} Bc1
{[%clk 0:22:14]} 55. Nd1 {[%clk 0:22:09]} Bd2 {[%clk 0:21:14]} 56. Rc2
{[%clk 0:21:20]} Re2 {[%clk 0:16:32]} 57. Kc4 {[%clk 0:19:26]} Rxe4+
{[%clk 0:14:58]} 58. fxe4 {[%clk 0:19:53]} Be1 {[%clk 0:14:48]} 59. Kd3
{[%clk 0:18:15]} Ke7 {[%clk 0:14:25]} 60. Ke2 {[%clk 0:17:37]} Bg3
{[%clk 0:14:30]} 61. Nf2 {[%clk 0:15:49]} Bxf2 {[%clk 0:14:13]} 62. Kxf2
{[%clk 0:16:16]} Kf6 {[%clk 0:14:39]} 63. Rc4 {[%clk 0:15:14]} Ke5
{[%clk 0:14:10]} 64. Kf3 {[%clk 0:15:39]} Ra5 {[%clk 0:14:38]} 65. a4
{[%clk 0:16:02]} Ra7 {[%clk 0:14:38]} 66. b3 {[%clk 0:15:14]} Rb7
{[%clk 0:15:08]} 67. Rc1 {[%clk 0:14:17]} Ra7 {[%clk 0:15:32]} 68. Rh1
{[%clk 0:14:09]} Kd4 {[%clk 0:15:18]} 69. Kxf4 {[%clk 0:14:37]} Kc3
{[%clk 0:14:53]} 70. Rh3+ {[%clk 0:14:14]} Kb4 {[%clk 0:15:22]} 71. Kf5
{[%clk 0:13:26]} Ra8 {[%clk 0:15:42]} 72. Ke6 {[%clk 0:09:13]} Re8+
{[%clk 0:16:11]} 73. Kd7 {[%clk 0:09:42]} Rxe4 {[%clk 0:16:04]} 74. Kxc7
{[%clk 0:10:33]} Kc5 {[%clk 0:17:01]} 75. Rc3+ {[%clk 0:10:20]} Kb4
{[%clk 0:17:30]} 1-0

[Event "Wolrd Chess Olympiad 2018"]
[Site "Batumi"]
[Date "2018.10.02"]
[Round "8"]
[Board "3"]
[WhiteFideId "16900049"]
[White "Espirito Santo Waldyr"]
[BlackFideId "10700234"]
[Black "Brookfield Toby"]
[Result "0-1"]
[LiveChessVersion "1.4.8"]
[BlackElo "1873"]
[WhiteElo "1903"]

1. e4 {[%clk 1:30:57]} c5 {[%clk 1:30:55]} 2. Nc3 {[%clk 1:30:12]} g6
{[%clk 1:29:28]} 3. d4 {[%clk 1:29:06]} Qc7 {[%clk 1:24:36]} 4. Nd5
{[%clk 1:26:22]} Qd8 {[%clk 1:21:34]} 5. Bf4 {[%clk 1:25:11]} d6 {[%clk 1:20:24]}
6. dxc5 {[%clk 1:23:38]} e5 {[%clk 1:16:13]} 7. Bg5 {[%clk 1:21:59]} f6
{[%clk 1:12:12]} 8. Bh4 {[%clk 1:18:26]} Be6 {[%clk 1:04:31]} 9. cxd6
{[%clk 1:13:57]} Bxd6 {[%clk 1:04:27]} 10. Nxf6+ {[%clk 1:06:03]} Nxf6
{[%clk 1:04:34]} 11. Bxf6 {[%clk 1:05:36]} Bb4+ {[%clk 1:04:42]} 12. c3
{[%clk 1:05:29]} Qxf6 {[%clk 1:03:24]} 13. Bb5+ {[%clk 1:03:08]} Nc6
{[%clk 1:01:47]} 14. Bxc6+ {[%clk 0:59:39]} bxc6 {[%clk 1:00:01]} 15. cxb4
{[%clk 0:59:49]} O-O {[%clk 1:00:14]} 16. Qe2 {[%clk 0:58:19]} Rad8
{[%clk 0:57:54]} 17. f3 {[%clk 0:56:58]} Rd4 {[%clk 0:56:40]} 18. b3
{[%clk 0:53:05]} Rfd8 {[%clk 0:55:34]} 19. Qf2 {[%clk 0:45:55]} Qf8
{[%clk 0:48:08]} 20. Qe3 {[%clk 0:40:01]} Qxb4+ {[%clk 0:46:56]} 21. Kf2
{[%clk 0:38:36]} Rd3 {[%clk 0:38:08]} 22. Qxa7 {[%clk 0:34:11]} R8d7
{[%clk 0:37:35]} 23. Qa8+ {[%clk 0:30:34]} Kf7 {[%clk 0:34:43]} 24. Ne2
{[%clk 0:27:45]} Qc5+ {[%clk 0:33:25]} 25. Kg3 {[%clk 0:26:04]} Qe3
{[%clk 0:32:48]} 26. Rhe1 {[%clk 0:22:53]} Rd2 {[%clk 0:31:19]} 27. Qh8
{[%clk 0:16:14]} Rxe2 {[%clk 0:26:51]} 28. Rxe2 {[%clk 0:15:13]} Qxe2
{[%clk 0:27:09]} 29. Qxh7+ {[%clk 0:14:10]} Kf8 {[%clk 0:22:50]} 30. Qh8+
{[%clk 0:12:08]} Ke7 {[%clk 0:19:13]} 31. Qg7+ {[%clk 0:09:49]} Kd6
{[%clk 0:18:03]} 32. Qxg6 {[%clk 0:08:16]} Rd8 {[%clk 0:17:54]} 33. a4
{[%clk 0:03:49]} Rg8 {[%clk 0:18:12]} 34. Qxg8 {[%clk 0:04:11]} Bxg8
{[%clk 0:18:39]} 35. a5 {[%clk 0:04:20]} Qb2 {[%clk 0:13:51]} 36. Rd1+
{[%clk 0:04:17]} Kc7 {[%clk 0:13:10]} 37. a6 {[%clk 0:03:59]} Qa2
{[%clk 0:11:40]} 0-1

[Event "Wolrd Chess Olympiad 2018"]
[Site "Batumi"]
[Date "2018.10.02"]
[Round "8"]
[Board "4"]
[WhiteFideId "10700200"]
[White "Bateman Kerry"]
[BlackFideId "16900057"]
[Black "Rita Jose"]
[Result "0-1"]
[LiveChessVersion "1.4.8"]
[BlackElo "1695"]
[WhiteElo "1710"]

1. e4 {[%clk 1:30:50]} c5 {[%clk 1:30:46]} 2. Nc3 {[%clk 1:31:12]} e6
{[%clk 1:30:42]} 3. f4 {[%clk 1:31:06]} Qc7 {[%clk 1:30:37]} 4. Nf3
{[%clk 1:24:23]} Qxf4 {[%clk 1:25:48]} 5. Bc4 {[%clk 1:22:11]} Qc7
{[%clk 1:24:46]} 6. O-O {[%clk 1:18:58]} a6 {[%clk 1:24:55]} 7. a4
{[%clk 1:15:27]} Be7 {[%clk 1:24:22]} 8. d3 {[%clk 1:14:36]} Nc6 {[%clk 1:23:23]}
9. Kh1 {[%clk 1:05:51]} Nf6 {[%clk 1:23:22]} 10. Qe1 {[%clk 1:03:51]} O-O
{[%clk 1:23:05]} 11. Bg5 {[%clk 1:02:47]} h6 {[%clk 1:20:37]} 12. Bh4
{[%clk 1:02:59]} d6 {[%clk 1:20:04]} 13. h3 {[%clk 0:58:29]} Nh7 {[%clk 1:15:11]}
14. Bg3 {[%clk 0:53:51]} Bf6 {[%clk 1:15:01]} 15. Qd2 {[%clk 0:51:01]} b6
{[%clk 1:14:39]} 16. Rf2 {[%clk 0:50:10]} Nd4 {[%clk 1:13:47]} 17. Raf1
{[%clk 0:47:51]} Bb7 {[%clk 1:12:47]} 18. Nh2 {[%clk 0:39:10]} Qe7
{[%clk 1:10:18]} 19. Ng4 {[%clk 0:35:25]} Bg5 {[%clk 1:08:15]} 20. Qd1
{[%clk 0:33:55]} Bh4 {[%clk 1:03:04]} 21. Bxh4 {[%clk 0:29:03]} Qxh4
{[%clk 1:03:23]} 22. Rf4 {[%clk 0:28:50]} Qg5 {[%clk 1:02:15]} 23. Kg1
{[%clk 0:27:19]} Rad8 {[%clk 0:59:35]} 24. Ba2 {[%clk 0:25:19]} Bc6
{[%clk 0:58:48]} 25. h4 {[%clk 0:23:34]} Qe7 {[%clk 0:57:09]} 26. Ne3
{[%clk 0:21:01]} b5 {[%clk 0:55:19]} 27. Ne2 {[%clk 0:17:09]} Nxe2+
{[%clk 0:55:14]} 28. Qxe2 {[%clk 0:17:30]} bxa4 {[%clk 0:55:31]} 29. Qh5
{[%clk 0:16:05]} f6 {[%clk 0:51:23]} 30. Nf5 {[%clk 0:14:05]} Qe8
{[%clk 0:47:52]} 31. Qg4 {[%clk 0:12:29]} g5 {[%clk 0:45:13]} 32. Nxh6+
{[%clk 0:10:42]} Kg7 {[%clk 0:42:29]} 33. hxg5 {[%clk 0:09:33]} Nxg5
{[%clk 0:41:17]} 34. Rxf6 {[%clk 0:08:36]} Rxf6 {[%clk 0:37:04]} 35. Qxg5+
{[%clk 0:06:19]} Qg6 {[%clk 0:35:33]} 36. Qxg6+ {[%clk 0:05:17]} Kxg6
{[%clk 0:34:53]} 37. Ng4 {[%clk 0:04:59]} Rxf1+ {[%clk 0:33:35]} 38. Kxf1
{[%clk 0:05:24]} Bd7 {[%clk 0:32:56]} 39. Ne3 {[%clk 0:04:41]} Rb8
{[%clk 0:32:29]} 40. Nc4 {[%clk 0:34:10]} Kf6 {[%clk 1:01:36]} 41. b3
{[%clk 0:33:07]} Ke7 {[%clk 1:01:07]} 42. Ke2 {[%clk 0:30:45]} Rh8
{[%clk 0:59:13]} 43. Nb6 {[%clk 0:28:52]} axb3 {[%clk 0:59:08]} 44. Bxb3
{[%clk 0:28:52]} a5 {[%clk 0:58:29]} 45. Kf3 {[%clk 0:26:55]} Bb5
{[%clk 0:57:23]} 46. g4 {[%clk 0:26:31]} Rb8 {[%clk 0:56:55]} 47. Na4
{[%clk 0:25:04]} Bxa4 {[%clk 0:56:50]} 48. Bxa4 {[%clk 0:25:24]} Rb4
{[%clk 0:57:01]} 49. Bb3 {[%clk 0:22:48]} a4 {[%clk 0:56:51]} 0-1

[Event "Wolrd Chess Olympiad 2018"]
[Site "Batumi"]
[Date "2018.10.02"]
[Round "8"]
[Board "1"]
[WhiteFideId "21100039"]
[White "Bah Ebrima"]
[BlackFideId "20300166"]
[Black "Ntamatungiro Wilfried"]
[Result "1-0"]
[LiveChessVersion "1.4.8"]
[BlackElo "1765"]
[WhiteElo "2066"]

1. e4 {[%clk 1:30:56]} Nc6 {[%clk 1:30:55]} 2. d4 {[%clk 1:30:53]} e5
{[%clk 1:31:16]} 3. c3 {[%clk 1:29:29]} Nf6 {[%clk 1:30:43]} 4. Bg5
{[%clk 1:27:01]} Be7 {[%clk 1:30:08]} 5. Bxf6 Bxf6 6. d5 {[%clk 1:21:40]} Ne7
{[%clk 1:29:35]} 7. Bd3 {[%clk 1:20:43]} Ng6 {[%clk 1:29:32]} 8. g3
{[%clk 1:20:36]} d6 {[%clk 1:29:29]} 9. Nd2 {[%clk 1:19:06]} O-O {[%clk 1:29:11]}
10. h4 {[%clk 1:19:10]} c6 {[%clk 1:27:20]} 11. Qe2 {[%clk 1:18:16]} Qc7
{[%clk 1:25:24]} 12. Qf3 {[%clk 1:16:56]} Qe7 {[%clk 1:21:27]} 13. O-O-O
{[%clk 1:14:39]} Bd7 {[%clk 1:21:28]} 14. h5 {[%clk 1:13:46]} Nh8
{[%clk 1:21:40]} 15. g4 {[%clk 1:13:23]} c5 {[%clk 1:19:03]} 16. Ne2
{[%clk 1:13:32]} b5 {[%clk 1:19:16]} 17. Ng3 {[%clk 1:12:10]} b4 {[%clk 1:19:14]}
18. c4 {[%clk 1:11:57]} a5 {[%clk 1:19:02]} 19. Nf5 {[%clk 1:11:38]} Bxf5
{[%clk 1:17:54]} 20. exf5 {[%clk 1:10:16]} Bg5 {[%clk 1:17:04]} 21. h6
{[%clk 1:09:24]} g6 {[%clk 1:15:33]} 22. Kb1 {[%clk 1:08:50]} f6 {[%clk 1:10:57]}
23. fxg6 {[%clk 1:07:47]} hxg6 {[%clk 1:10:18]} 24. Ne4 {[%clk 1:05:06]} Bf4
{[%clk 1:09:58]} 25. h7+ {[%clk 1:04:04]} Kf7 {[%clk 1:09:58]} 26. Rde1
{[%clk 1:03:01]} Qd7 {[%clk 1:01:26]} 27. Rh3 {[%clk 0:58:55]} a4
{[%clk 1:01:32]} 28. Qg2 {[%clk 0:57:31]} b3 {[%clk 1:00:04]} 29. a3
{[%clk 0:57:49]} Ke7 {[%clk 0:55:13]} 30. Rf3 {[%clk 0:55:20]} Kd8
{[%clk 0:54:50]} 31. Qh3 {[%clk 0:55:09]} Kc7 {[%clk 0:54:31]} 32. Qh4
{[%clk 0:54:47]} Qg7 {[%clk 0:53:14]} 33. Rh3 {[%clk 0:52:21]} Rae8
{[%clk 0:50:54]} 34. f3 {[%clk 0:48:03]} Re7 {[%clk 0:48:43]} 35. Reh1
{[%clk 0:45:46]} Ref7 {[%clk 0:40:56]} 36. Qf2 {[%clk 0:42:30]} Rd7
{[%clk 0:35:31]} 37. Nxc5 {[%clk 0:36:47]} dxc5 {[%clk 0:34:54]} 38. Qxc5+
{[%clk 0:35:14]} Kd8 {[%clk 0:32:56]} 39. Qb6+ {[%clk 0:34:30]} Ke8
{[%clk 0:30:49]} 40. c5 {[%clk 0:29:28]} e4 {[%clk 0:15:09]} 41. Bb5
{[%clk 0:54:35]} Bc7 {[%clk 0:44:15]} 42. Qxc7 {[%clk 0:54:41]} 1-0

[Event "World Chess Olympiad 2018"]
[Site "Batumi"]
[Date "2018.10.02"]
[Round "8"]
[Board "1"]
[WhiteFideId "9800336"]
[White "Pillay Harish"]
[BlackFideId "15701190"]
[Black "Kibrom Weldegebriel Beraki"]
[Result "0-1"]
[LiveChessVersion "1.4.8"]
[BlackElo "1723"]
[WhiteElo "1250"]

1. d4 {[%clk 1:30:52]} Nf6 {[%clk 1:29:08]} 2. c4 {[%clk 1:31:01]} c5
{[%clk 1:29:25]} 3. e3 {[%clk 1:30:44]} g6 {[%clk 1:29:35]} 4. Nf3
{[%clk 1:30:17]} Bg7 {[%clk 1:29:56]} 5. Be2 {[%clk 1:29:12]} O-O
{[%clk 1:30:16]} 6. O-O {[%clk 1:29:18]} b6 {[%clk 1:30:08]} 7. Nbd2
{[%clk 1:27:18]} Bb7 {[%clk 1:30:24]} 8. b3 {[%clk 1:24:53]} d6 {[%clk 1:29:58]}
9. Bb2 {[%clk 1:24:00]} Nbd7 {[%clk 1:30:03]} 10. h3 {[%clk 1:21:28]} Re8
{[%clk 1:29:38]} 11. d5 {[%clk 1:13:00]} e5 {[%clk 1:29:25]} 12. dxe6
{[%clk 1:10:28]} fxe6 {[%clk 1:29:46]} 13. Nb1 {[%clk 1:09:35]} Qe7
{[%clk 1:27:23]} 14. Nc3 {[%clk 1:07:06]} a6 {[%clk 1:26:49]} 15. Rb1
{[%clk 1:05:19]} Rad8 {[%clk 1:26:11]} 16. Qc2 {[%clk 1:00:39]} d5
{[%clk 1:24:07]} 17. cxd5 {[%clk 0:57:43]} exd5 {[%clk 1:24:23]} 18. Rfd1
{[%clk 0:56:40]} b5 {[%clk 1:23:22]} 19. Rd2 {[%clk 0:50:19]} Nb6
{[%clk 1:22:07]} 20. a4 {[%clk 0:46:45]} b4 {[%clk 1:19:08]} 21. Na2
{[%clk 0:45:31]} a5 {[%clk 1:03:47]} 22. Ba1 {[%clk 0:43:50]} Rc8
{[%clk 0:59:46]} 23. Qd1 {[%clk 0:39:46]} Ne4 {[%clk 0:56:26]} 24. Rc2
{[%clk 0:38:56]} Bxa1 {[%clk 0:55:58]} 25. Rxa1 {[%clk 0:39:05]} c4
{[%clk 0:55:52]} 26. bxc4 {[%clk 0:37:26]} dxc4 {[%clk 0:53:49]} 27. Nc1
{[%clk 0:35:54]} Red8 {[%clk 0:49:19]} 28. Qf1 {[%clk 0:35:50]} Bd5
{[%clk 0:45:52]} 29. Qe1 {[%clk 0:32:02]} Qf6 {[%clk 0:44:45]} 30. Nd4
{[%clk 0:31:06]} Rf8 {[%clk 0:43:52]} 31. f3 {[%clk 0:31:07]} Qg5
{[%clk 0:40:55]} 32. f4 {[%clk 0:26:58]} Qf6 {[%clk 0:40:16]} 33. Bg4
{[%clk 0:26:41]} Rcd8 {[%clk 0:38:28]} 34. Bf3 {[%clk 0:24:50]} Rfe8
{[%clk 0:37:51]} 35. Bxe4 {[%clk 0:24:41]} Bxe4 {[%clk 0:37:33]} 36. Rf2
{[%clk 0:24:53]} Bxg2 {[%clk 0:36:23]} 37. Rxg2 {[%clk 0:19:43]} Qxd4
{[%clk 0:36:06]} 38. exd4 {[%clk 0:19:51]} Rxe1+ {[%clk 0:36:14]} 39. Kf2
{[%clk 0:19:34]} Rd1 {[%clk 0:36:30]} 40. f5 {[%clk 0:49:24]} R8xd4
{[%clk 1:06:33]} 41. fxg6 {[%clk 0:49:33]} R4d2+ {[%clk 1:05:28]} 42. Kf3
{[%clk 0:49:27]} Rxg2 {[%clk 1:05:12]} 43. Kxg2 {[%clk 0:49:50]} hxg6
{[%clk 1:05:03]} 44. Kf2 {[%clk 0:50:07]} Nxa4 {[%clk 1:04:01]} 45. Rxa4
{[%clk 0:50:12]} Rxc1 {[%clk 1:04:20]} 46. Rxa5 {[%clk 0:50:23]} b3
{[%clk 1:04:39]} 47. Rb5 {[%clk 0:50:51]} Rc2+ {[%clk 1:04:35]} 48. Ke1
{[%clk 0:51:13]} b2 {[%clk 1:04:39]} 49. Kd1 {[%clk 0:51:02]} Rh2
{[%clk 1:04:55]} 50. Rb8+ {[%clk 0:50:56]} Kg7 {[%clk 1:05:13]} 51. Rb7+
{[%clk 0:51:13]} Kh6 {[%clk 1:05:35]} 52. Rb4 {[%clk 0:51:01]} c3
{[%clk 1:05:55]} 53. Rh4+ {[%clk 0:51:14]} Kg7 {[%clk 1:06:15]} 54. Rb4
{[%clk 0:51:03]} c2+ {[%clk 1:06:36]} 0-1